000 00628nam a2200205Ia 4500
003 GCL
008 140319s9999 xx 000 0 ara d
040 _aGCL /
_cGCL
082 0 4 _aق
_b320.54
_bص م
100 1 _aصلاح ذكى
245 1 0 _aمصر والمسألة القومية (بحث فى عروبة مصر) /
_cصلاح ذكى
260 _a[S.N] :
_bدار المسيرة للنشر والتوزيع والطباعة ،
_c1983
300 _a136 ص
490 _a
650 0 4 _aالعصر الحديث
650 0 4 _aمصر
650 0 4 _aتاريخ
650 0 4 _aالقومية العربية
942 _2ddc
_cBK
999 _c57832
_d57832